[Event "black horn of punishment"]
[Site "http://www.queenalice.com/game.php?id=681355"]
[Date "2009.11.11"]
[Round "-"]
[White "regicide13"]
[Black "newblockader"]
[Result "1-0"]
[WhiteElo "1916"]
[BlackElo "1664"]

1. e4 e6 2. Nf3 Bc5 3. Bc4 d5 4. exd5 exd5 5. Bb3 c6 6. d4 Bd6 7. O-O Nf6 8. c4
Bg4 9. cxd5 Nxd5 10. Bxd5 cxd5 11. Re1+ Be7 12. Qa4+ Qd7 13. Qa3 O-O 14. Rxe7
Qf5 15. Ne5 Nc6 16. Nxc6 bxc6 17. Nc3 Rae8 18. Rxe8 Rxe8 19. Bd2 Qc2 20. Be3 h6
21. h3 Bd7 22. Qxa7 Bf5 23. Bf4 Qxb2 24. Rc1 Qb8 25. Bxb8 1-0

[Event "QA-ANNIV-05"]
[Site "http://www.queenalice.com/game.php?id=723858"]
[Date "2010.2.1"]
[Round "3"]
[White "regicide13"]
[Black "headhunter"]
[Result "0-1"]
[WhiteElo "1931"]
[BlackElo "2429"]

1. e4 c5 2. Nf3 d6 3. Nc3 Nf6 4. d4 cxd4 5. Nxd4 a6 6. Bc4 e6 7. O-O b5 8. Bb3
Be7 9. a4 b4 10. Na2 O-O 11. Nxb4 Bb7 12. Bxe6 fxe6 13. Nxe6 Qa5 14. Bd2 Qe5 15.
Nxf8 Qxe4 16. f3 Qd4+ 17. Kh1 Kxf8 18. c3 Qh4 19. Be1 Qh6 20. Bg3 a5 21. Nd3 Nh5
22. Bf2 Nd7 23. b4 Bg5 24. bxa5 Nf4 25. Nxf4 Bxf4 26. h3 Rxa5 27. Re1 Rh5 28.
Kg1 Rxh3 29. gxh3 Qxh3 30. Ba7 Qg3+ 31. Kf1 Ba6+ 32. Re2 Qxf3+ 33. Ke1 Bxe2 34.
Qxe2 Qxc3+ 0-1

[Event "QA-ANNIV-05"]
[Site "http://www.queenalice.com/game.php?id=758947"]
[Date "2010.4.10"]
[Round "4"]
[White "regicide13"]
[Black "luizpessoa"]
[Result "1-0"]
[WhiteElo "1929"]
[BlackElo "1724"]

1. e4 c5 2. Nf3 a6 3. a3 Nc6 4. c3 d6 5. b4 cxb4 6. axb4 b5 7. c4 bxc4 8. Bxc4
e6 9. b5 Na5 10. Be2 axb5 11. Bxb5+ Bd7 12. Qa4 Bxb5 13. Qxb5+ Qd7 14. Rxa5 Rc8
15. Qxd7+ Kxd7 16. Ba3 Nf6 17. e5 Nd5 18. O-O dxe5 19. Bxf8 Rhxf8 20. Nxe5+ Ke7
21. Ra7+ Kf6 22. Nd7+ Kg6 23. Nxf8+ Rxf8 24. Nc3 Nf4 25. g3 Nh5 26. Ne2 Rd8 27.
Rd1 f6 28. g4 e5 29. gxh5+ Kxh5 30. Rxg7 h6 31. Ng3+ Kh4 32. f3 Rd3 33. Kg2 Rb3
34. Rg4# 1-0

[Event "AUTO-ADV-1357"]
[Site "http://www.queenalice.com/game.php?id=776705"]
[Date "2010.5.16"]
[Round "2"]
[White "regicide13"]
[Black "ajr"]
[Result "1-0"]
[WhiteElo "1908"]
[BlackElo "1490"]

1. e4 e5 2. Nf3 d6 3. d4 Bg4 4. Be2 Bxf3 5. Bxf3 Nc6 6. d5 Nd4 7. Nc3 Nxf3+ 8.
Qxf3 h6 9. Qg3 g5 10. h4 Qf6 11. hxg5 Qg6 12. Be3 h5 13. Nb5 Kd7 14. f3 a6 15.
Nc3 Ne7 16. f4 exf4 17. Bxf4 Bg7 18. O-O-O Bxc3 19. Qxc3 Qxe4 20. Bd2 Nxd5 21.
Qb3 b5 22. Ba5 Qf4+ 23. Kb1 Qxg5 24. Qxd5 Qg6 25. Rhf1 Qe6 26. Rxf7+ Qxf7 27.
Qxf7+ Kd8 28. Qxc7+ Ke8 29. Qg7 Rf8 30. Re1# 1-0

[Event "AUTO-ADV-1357"]
[Site "http://www.queenalice.com/game.php?id=776706"]
[Date "2010.5.16"]
[Round "2"]
[White "ajr"]
[Black "regicide13"]
[Result "0-1"]
[WhiteElo "1513"]
[BlackElo "1910"]

1. d4 d5 2. g3 Nc6 3. Bg2 Nf6 4. Nc3 e6 5. Bg5 h6 6. Bxf6 Qxf6 7. e3 Bb4 8. Ne2
e5 9. a3 Ba5 10. b4 Bb6 11. Bxd5 O-O 12. Bxc6 bxc6 13. dxe5 Qxe5 14. Qd3 Bf5 15.
e4 Rad8 16. Qxd8 Rxd8 17. exf5 Qxf5 18. O-O Qxc2 19. Ra2 Qf5 20. Nf4 h5 21. Kg2
h4 22. f3 hxg3 23. hxg3 g5 24. Nfe2 a5 25. g4 Qg6 26. Rh1 f5 27. gxf5 Qxf5 28.
Rd1 Rxd1 29. Nxd1 g4 30. Ng3 Qxf3+ 31. Kh2 Qxd1 32. Ne4 Qg1# 0-1

[Event "AUTO-ADV-1357"]
[Site "http://www.queenalice.com/game.php?id=776707"]
[Date "2010.5.16"]
[Round "2"]
[White "regicide13"]
[Black "Mikalus"]
[Result "1-0"]
[WhiteElo "1938"]
[BlackElo "1785"]

1. e4 c5 2. Nf3 Nc6 3. Bc4 e6 4. O-O a6 5. d4 cxd4 6. Nxd4 Bc5 7. Nf3 b5 8. Bb3
Bb7 9. Bg5 Nge7 10. a3 O-O 11. c4 Qc7 12. cxb5 axb5 13. Qd2 Ng6 14. Nc3 b4 15.
Ne2 Nce5 16. Nxe5 Qxe5 17. axb4 Rxa1 18. Rxa1 Bxb4 19. Qxb4 Bxe4 20. Be3 Qxb2
21. Re1 Bd5 22. Nd4 e5 23. Bc1 Qxd4 24. Qxd4 exd4 25. Bxd5 1-0

[Event "AUTO-ADV-1357"]
[Site "http://www.queenalice.com/game.php?id=776708"]
[Date "2010.5.16"]
[Round "2"]
[White "Mikalus"]
[Black "regicide13"]
[Result "0-1"]
[WhiteElo "1811"]
[BlackElo "1937"]

1. e4 e5 2. Bc4 Bc5 3. Nf3 Nc6 4. d3 d6 5. Ng5 Be6 6. Bxe6 fxe6 7. Nxe6 Bxf2+ 8.
Kxf2 Qf6+ 9. Nf4 exf4 10. Rf1 Qd4+ 11. Ke1 O-O-O 12. Nc3 Nf6 13. Bxf4 d5 14. Bg5
dxe4 15. Bxf6 gxf6 16. Nxe4 Rhe8 17. Qg4+ Kb8 18. Kd2 Rxe4 0-1

[Event "AUTO-ADV-1357"]
[Site "http://www.queenalice.com/game.php?id=776709"]
[Date "2010.5.16"]
[Round "2"]
[White "regicide13"]
[Black "XaraX"]
[Result "0-1"]
[WhiteElo "1962"]
[BlackElo "1814"]

1. e4 e5 2. Nf3 Nc6 3. Bc4 Bc5 4. d3 h6 5. O-O Nf6 6. Nc3 O-O 7. h3 d6 8. a3 a6
9. Nd5 Nxd5 10. Bxd5 Ne7 11. Bb3 c6 12. d4 exd4 13. Nxd4 Ng6 14. c3 Qe7 15. Re1
Qf6 16. Bc2 Ba7 17. Rf1 Nf4 18. Nf5 Bxf5 19. Bxf4 Bg6 20. Qxd6 Qxd6 21. Bxd6
Rfe8 22. Rae1 Rad8 23. Bb4 Rd2 24. Bb1 Rxb2 25. e5 c5 26. e6 Bxb1 27. exf7+ Kxf7
28. Rxb1 Rxb1 29. Rxb1 cxb4 30. Rxb4 Re7 31. g3 Bc5 32. Rb3 b5 33. h4 Re1+ 34.
Kg2 Re2 35. Kh3 Rxf2 36. Kg4 Ra2 37. c4 Rxa3 38. Rb1 bxc4 39. Rc1 c3 40. Kf5 a5
41. Ke5 Bf2 42. Rf1 Ra2 43. Ke4 Kg6 44. Kd3 Bxg3 45. Rg1 c2 46. Rxg3+ Kh5 47.
Rg1 Kxh4 48. Rc1 g5 49. Kc3 a4 0-1

[Event "AUTO-ADV-1357"]
[Site "http://www.queenalice.com/game.php?id=776710"]
[Date "2010.5.16"]
[Round "2"]
[White "XaraX"]
[Black "regicide13"]
[Result "1-0"]
[WhiteElo "1836"]
[BlackElo "1940"]

1. d4 d5 2. c4 e6 3. cxd5 exd5 4. Nc3 Nf6 5. Bg5 Be7 6. e3 O-O 7. Nf3 h6 8. Bh4
Bg4 9. Be2 Ne4 10. Bxe7 Qxe7 11. Nxd5 Qd6 12. Nc3 Qb4 13. Qc2 Nc6 14. O-O Nxc3
15. Qxc3 Qd6 16. h3 Bh5 17. Qc2 Nb4 18. Qe4 c6 19. a3 Nd5 20. Rfe1 Bg6 21. Qe5
Qxe5 22. Nxe5 Bh7 23. Bd3 Bxd3 24. Nxd3 b6 25. Ne5 Rac8 26. b4 Rfe8 27. Rac1 c5
28. bxc5 bxc5 29. Nd7 c4 30. Nc5 c3 31. e4 Nf4 32. Rxc3 f5 33. e5 Nd5 34. Rb3 g5
35. Reb1 Nf4 36. R1b2 Red8 37. Rb4 h5 38. Kh2 h4 39. Ra4 g4 40. hxg4 fxg4 41.
Ne4 Rc7 42. Nf6+ Kf7 43. Nxg4 Ke6 44. Rb3 Rg8 45. f3 Rc2 46. Ra6+ Kd5 47. Nf6+
Kxd4 48. Nxg8 Rxg2+ 49. Kh1 Rxg8 50. Rxa7 Rg3 51. Ra4+ Kxe5 52. Rb5+ 1-0

[Event "Challenge"]
[Site "http://www.queenalice.com/game.php?id=810692"]
[Date "2010.7.30"]
[Round "-"]
[White "miltonferreira"]
[Black "regicide13"]
[Result "0-1"]
[WhiteElo "1505"]
[BlackElo "1920"]

1. e4 e5 2. Nf3 Nc6 3. c4 Bc5 4. d3 h6 5. Nc3 d6 6. Nb5 a6 7. Nc3 Nf6 8. d4 Nxd4
9. Na4 Nxf3+ 10. Qxf3 Bg4 11. Qd3 Ba7 12. Qg3 Qd7 13. Nc3 Nh5 14. Be3 Nxg3 15.
hxg3 Bxe3 16. fxe3 c6 17. Be2 Bxe2 18. Kxe2 f5 19. Rad1 fxe4 20. Nxe4 Qg4+ 21.
Kd3 d5 22. Rh4 dxe4+ 23. Kc3 Qxd1 24. Rxe4 Rd8 25. Rxe5+ Kf7 26. e4 Qd4+ 0-1

[Event "QA-ANNIV-05"]
[Site "http://www.queenalice.com/game.php?id=841301"]
[Date "2010.10.3"]
[Round "6"]
[White "Mick_Gray"]
[Black "regicide13"]
[Result "1-0"]
[WhiteElo "1960"]
[BlackElo "1922"]

1. d4 d5 2. c4 e6 3. c5 b6 4. b4 bxc5 5. bxc5 Qf6 6. Nf3 Bxc5 7. e3 Bb4+ 8. Nbd2
Bxd2+ 9. Bxd2 Ne7 10. Qa4+ Bd7 11. Qa5 c6 12. Qc7 Bc8 13. Bb4 Nd7 14. Ne5 Nb6
15. Bxe7 Qxe7 16. Qxc6+ Bd7 17. Nxd7 Qxd7 18. Bb5 Rd8 19. Qc5 1-0

[Event "QA-ANNIV-05"]
[Site "http://www.queenalice.com/game.php?id=885880"]
[Date "2011.1.13"]
[Round "7"]
[White "regicide13"]
[Black "mizu"]
[Result "1/2-1/2"]
[WhiteElo "1912"]
[BlackElo "1754"]

1. e4 e5 2. Nf3 Nc6 3. Bc4 Nf6 4. Nc3 Be7 5. d4 exd4 6. Nxd4 d6 7. h3 O-O 8. a3
Nxe4 9. Nxe4 d5 10. Nxc6 bxc6 11. Bxd5 cxd5 12. Ng3 Ba6 13. c3 Bf6 14. Be3 Re8
15. Qg4 Rb8 16. O-O-O Bc8 17. Nf5 g6 18. Nh6+ Kf8 19. Bc5+ Be7 20. Qf4 Be6 21.
Bxa7 Rb7 22. Bd4 Bg5 23. Bc5+ Kg7 24. Qxg5 Qxg5+ 25. Be3 Qd8 26. g4 f6 27. h4
Qb8 28. Rd2 c6 29. g5 f5 30. Bd4+ Kf8 31. Bc5+ Kg7 32. Bd4+ Kf8 33. Bc5+ Kg7
1/2-1/2

[Event "QA-ANNIV-05"]
[Site "http://www.queenalice.com/game.php?id=921156"]
[Date "2011.4.3"]
[Round "8"]
[White "serrameira"]
[Black "regicide13"]
[Result "0-1"]
[WhiteElo "1903"]
[BlackElo "1908"]

1. e4 e5 2. Nf3 Nc6 3. Nc3 Bc5 4. Bc4 Nf6 5. h3 O-O 6. O-O d6 7. d3 h6 8. Re1
Na5 9. Na4 Nxc4 10. Nxc5 dxc5 11. dxc4 Qxd1 12. Rxd1 Nxe4 13. Re1 Nd6 14. Rxe5
b6 15. b3 Bf5 16. c3 Rfe8 17. Bf4 Rxe5 18. Bxe5 f6 19. Bh2 Re8 20. Kf1 Bd3+ 21.
Kg1 Be4 22. Nd2 Bg6 23. a4 a5 24. f3 Re2 25. Bf4 Nf5 26. Kf1 Re7 27. Re1 Rd7 28.
g4 Nd6 29. Re3 c6 30. Re6 Nf7 31. Rxc6 Rd3 0-1

[Event "QA-ANNIV-05"]
[Site "http://www.queenalice.com/game.php?id=953508"]
[Date "2011.6.24"]
[Round "9"]
[White "regicide13"]
[Black "HelderNanques"]
[Result "0-1"]
[WhiteElo "1924"]
[BlackElo "2183"]

1. e4 d5 2. e5 Bf5 3. d4 c5 4. c3 Nc6 5. Bb5 Qb6 6. Bxc6+ bxc6 7. Ne2 e6 8. dxc5
Bxc5 9. O-O a5 10. Nd4 Bxd4 11. Qxd4 c5 12. Qa4+ Kf8 13. b4 cxb4 14. cxb4 Ne7
15. Nd2 Bd3 16. Re1 Bb5 17. Qb3 axb4 18. Qxb4 Qa5 19. Qd4 Kg8 20. Nf3 h6 21. a4
Ba6 22. Bd2 Qc7 23. Rec1 Qa7 24. Qg4 Ng6 25. Qh5 Bc4 26. Nh4 Nxh4 27. Qxh4 Kh7
28. Ra3 Qc7 29. Bf4 Qd7 30. Rh3 Kg8 31. Rg3 Kf8 32. Qg4 g6 33. Rh3 h5 34. Qh4
Rxa4 35. Qf6 Rg8 36. Rhc3 Qe7 37. Bh6+ Ke8 38. Qf3 Qb7 39. h3 Rb4 40. Kh2 Qb8
41. Rxc4 Rxc4 42. Rxc4 dxc4 43. Qc6+ Ke7 44. Qc5+ Kd7 45. Bg5 Qc7 46. Qe7+ Kc8
47. Qa3 Qxe5+ 48. f4 Qd5 49. Qa6+ Kb8 50. Bf6 Kc7 51. Be5+ Kd7 52. Qa7+ Ke8 53.
Qb8+ Qd8 54. Qb5+ Kf8 55. Qxc4 f6 56. Bb2 Kf7 57. Qa4 g5 58. Qa7+ Qe7 59. Qd4
gxf4 60. Qxf4 Rc8 61. Qh4 Qd6+ 62. Kh1 Qd1+ 63. Kh2 e5 64. Qb4 Qd7 65. Qb3+ Qe6
66. Qb7+ Kg8 67. Qf3 Qf7 68. Qf5 Re8 0-1

[Event "QA-ANNIV-05"]
[Site "http://www.queenalice.com/game.php?id=983041"]
[Date "2011.9.9"]
[Round "10"]
[White "regicide13"]
[Black "razoman"]
[Result "0-1"]
[WhiteElo "1918"]
[BlackElo "1974"]

1. e4 c5 2. Nf3 Nc6 3. c3 a6 4. d4 cxd4 5. cxd4 d6 6. Nc3 Bg4 7. h3 Bxf3 8. gxf3
g6 9. Bg2 Bg7 10. d5 Ne5 11. f4 Nd7 12. Ne2 Ngf6 13. Rb1 O-O 14. O-O Nc5 15. Ng3
Nfd7 16. f5 Be5 17. fxg6 hxg6 18. b4 Bxg3 19. bxc5 Be5 20. cxd6 Bxd6 21. Rxb7
Nc5 22. Rb1 Qa5 23. Bh6 Rfd8 24. Qd4 f6 25. Bd2 Qc7 26. Rbc1 Qa7 0-1